| 000 | 01485cam a2200433 a 4500 | ||
|---|---|---|---|
| 999 |
_c331034 _d331034 |
||
| 001 | 16794048 | ||
| 003 | NUST | ||
| 005 | 20200930103818.0 | ||
| 008 | 110524s2012 enka b 001 0 eng d | ||
| 010 | _a 2011930413 | ||
| 015 |
_aGBB1B6054 _2bnb |
||
| 016 | 7 |
_a015903765 _2Uk |
|
| 020 | _a0534607004 | ||
| 035 | _a(OCoLC)ocn756280942 | ||
| 038 | _aAZHAR | ||
| 040 |
_aUKMGB _cUKMGB _dYDXCP _dCDX _dOUN _dBWX _dDLC |
||
| 042 | _alccopycat | ||
| 050 | 0 | 0 |
_aBF637.C6 _bJ55 2012 |
| 082 | 0 | 4 |
_a361.06071 _223 |
| 100 | 1 |
_aJohns, Hazel. _94435 |
|
| 245 | 1 | 0 |
_aPersonal development in counsellor training / _cHazel Johns. |
| 246 | 3 | 0 | _aPersonal development in counselor training |
| 250 | _a2nd ed. | ||
| 260 |
_aLondon; _aThousand Oaks, Calif. : _bSAGE, _c2012. |
||
| 300 |
_a198 p.: _bill.; _c25 cm |
||
| 490 | 1 | _aCounsellor trainer and supervisor series | |
| 500 | _aPrevious ed.: London: Cassell, 1996. | ||
| 500 | _aPreviously published: London : Continuum, 2002. | ||
| 500 | _aSeries editor: Windy Dryden | ||
| 504 | _aIncludes bibliographical references (p. [186]-192) and index | ||
| 650 | 0 |
_aCounselors _xTraining of. _94436 |
|
| 650 | 0 |
_aMaturation (Psychology) _94437 |
|
| 650 | 0 |
_aSelf-knowledge, Theory of. _94438 |
|
| 650 | 0 |
_aSelf-culture. _94439 |
|
| 830 | 0 |
_aCounsellor trainer and supervisor series. _94440 |
|
| 906 |
_a7 _bcbc _ccopycat _d2 _encip _f20 _gy-gencatlg |
||
| 942 |
_2ddc _cBK |
||